Paroles générique Zorro - Statistiques

Statistiques générales
  • Ce quiz a été pris 364 fois
  • Le résultat moyen est 42 sur 49
Statistiques - réponses
Paroles % Correct
la
98%
la
98%
Z
98%
Zorro
98%
Zorro
98%
Zorro
98%
Zorro
98%
Zorro
98%
Zorro
98%
Zorro
98%
Zorro
98%
Zorro
98%
qui
97%
qui
97%
qui
97%
à
96%
à
96%
de
96%
de
96%
Un
95%
le
94%
cavalier
93%
nuit
93%
il
91%
pointe
91%
Son
91%
surgit
91%
signe
90%
dire
89%
veut
89%
nom
88%
au
87%
l'épée
87%
D'un
84%
galop
84%
l'aventure
80%
hors
77%
vers
76%
Court
73%
sa
73%
loi
70%
chaque
68%
fois
68%
fait
66%
vainqueur
59%
l'es
58%
renard
57%
tu
56%
rusé
53%
Aucun quiz correspondant
Distribution des résultats
% des personnes avec chaque résultat
Percentile par nombre de réponses
Votre historique - résultats
Vous n’avez pas pris ce quiz